02012cam a22004697i 450000100090000000300050000900500170001400800410003101000170007202000250008902000220011403500240013603800110016004000470017104200140021805000210023208200200025310000440027324500690031725000170038626400570040326400110046030000540047133600330052533600260055833700280058433800270061250501090063952002410074856300090098965000490099865000460104765000480109365500570114165500540119865500380125270000510129090600450134194200120138699900190139895201250141718748079NUST20210727113242.0150818t20162016ilua 000 0 eng d a 2015949491 a9780996058728 (hbk.) a0996058729 (hbk.) a(OCoLC)ocn932018730 awaseem aJBLbengerdacJBLdOCLCFdMUUdBTCTAdDLC alccopycat00aTR810b.L25 201604a779.930776bLAF1 aLaforet, Vincent,ephotographer.98110110aAIR /cVincent Laforet ; foreword by astronaut Donald R. Pettit. a2nd edition. 1aChicago, Illinois :bPress Syndication Group,c2016. 4c©2016 a223 pages :bchiefly color illustrations ;c38 cm astill imagebsti2rdacontent atextbtxt2rdacontent aunmediatedbn2rdamedia avolumebnc2rdacarrier0 aNew York -- Chicago -- Los Angeles -- Berlin -- London -- Miami -- San Francisco -- Barcelona -- Sydney. aA collection of aerial photographs of New York City, Chicago, Los Angeles, Las Vegas, Berlin, London, Miami, San Francisco, Barcelona and Sydney, taken by photographer Vincent Laforet from altitudes between 5,000 and almost 12,000 feet. aHBK. 0aCities and townsvAerial photographs.981102 0aCities and townsvPictorial works.981103 7aCities and towns.2fast0(OCoLC)fst00861748 7aAerial photographs.2fast0(OCoLC)fst01423684981104 7aPictorial works.2fast0(OCoLC)fst01423874981105 7aAerial photographs.2lcgft9811041 aPettit, Donald R.,ewriter of foreword.981106 a7bcbcccopycatd2eepcnf20gy-gencatlg 2ddccBK c586035d586035 00102ddc4070aCLbCLd2021-07-27eDonated by U.S.A Ambassadoro779.930776 LAFpCL-D-1138r2021-07-27w2021-07-27yREF